[Event "AUTO-INT-3945"]
[Site "http://www.queenalice.com/game.php?id=1863593"]
[Date "2025.9.30"]
[Round "1"]
[White "flanny"]
[Black "renet54"]
[Result "1-0"]
[WhiteElo "1658"]
[BlackElo "1603"]

1. e4 e5 2. Nf3 Nf6 3. d3 Bc5 4. h3 d6 5. Nc3 Nc6 6. Nd5 O-O 7. Bg5 Nd4 8. c3
Nxf3+ 9. Qxf3 Be6 10. Bxf6 Qd7 11. Ne7+ Kh8 12. Bh4 Qb5 13. b4 d5 14. d4 dxe4
15. Qxe4 Qe8 16. dxc5 Rd8 17. Rd1 Rxd1+ 18. Kxd1 Qa4+ 19. Ke2 Qxa2+ 20. Kf3 f5
21. Qxe5 Re8 22. Bd3 c6 23. Nxf5 h6 24. Qxg7# 1-0

[Event "AUTO-INT-3945"]
[Site "http://www.queenalice.com/game.php?id=1863604"]
[Date "2025.9.30"]
[Round "1"]
[White "Kn1ght1962"]
[Black "flanny"]
[Result "1-0"]
[WhiteElo "1565"]
[BlackElo "1699"]

1. e4 e5 2. a3 c5 3. h3 Nf6 4. d3 Nc6 5. Nf3 d5 6. exd5 Nxd5 7. c4 Nf6 8. Be2 e4
9. Ng5 h6 10. Nxe4 b6 11. Bf4 Nxe4 12. dxe4 Nd4 13. O-O Bb7 14. Nc3 Qf6 15. Bg3
Bd6 16. Nd5 Bxd5 17. exd5 Bxg3 18. fxg3 Qe5 19. Re1 O-O 20. Kh2 Nf5 21. Qd3 Rfe8
22. Bg4 Qxb2 23. Qxf5 Red8 24. Bf3 g6 25. Qf4 b5 26. d6 Rd7 27. Bxa8 Rxd6 28.
Qxd6 1-0

[Event "AUTO-INT-3945"]
[Site "http://www.queenalice.com/game.php?id=1863605"]
[Date "2025.9.30"]
[Round "1"]
[White "flanny"]
[Black "Kn1ght1962"]
[Result "1-0"]
[WhiteElo "1710"]
[BlackElo "1566"]

1. e4 e5 2. Nc3 a6 3. Nf3 d6 4. d4 h6 5. d5 Nf6 6. h3 Bd7 7. b4 b5 8. a4 bxa4 9.
b5 axb5 10. Nxb5 Nxe4 11. Bd3 Nc5 12. Qe2 Be7 13. O-O Qc8 14. Ba3 O-O 15. Bxc5
dxc5 16. c4 Bxh3 17. gxh3 Qxh3 18. Nxe5 Re8 19. Nxc7 Bd6 20. Nxe8 Be7 21. Qe4
Nd7 22. Qh7+ Kf8 23. Qh8# 1-0

[Event "AUTO-INT-3945"]
[Site "http://www.queenalice.com/game.php?id=1863612"]
[Date "2025.9.30"]
[Round "1"]
[White "flanny"]
[Black "ricardoguevara"]
[Result "1-0"]
[WhiteElo "1693"]
[BlackElo "1404"]

1. e4 e5 2. Nf3 Nc6 3. c3 Bc5 4. d4 exd4 5. cxd4 Bb4+ 6. Bd2 Nf6 7. Bc4 O-O 8.
d5 Ne7 9. Bxb4 d6 10. O-O Nxe4 11. Qd4 Bf5 12. Bd3 Nf6 13. Nbd2 Nexd5 14. Bxf5
c5 15. Bxc5 b6 16. Ba3 a5 17. b3 Rc8 18. Bxc8 Qxc8 19. Bxd6 Re8 20. Rac1 Qd7 21.
Nc4 b5 22. Nfe5 Qf5 23. Nxa5 Nf4 24. Rfe1 Qg5 25. Nd7 Nxd7 26. Rxe8+ Nf8 27.
Rxf8# 1-0

[Event "AUTO-INT-3945"]
[Site "http://www.queenalice.com/game.php?id=1863613"]
[Date "2025.9.30"]
[Round "1"]
[White "ricardoguevara"]
[Black "flanny"]
[Result "0-1"]
[WhiteElo "1409"]
[BlackElo "1688"]

1. e4 e5 2. Nf3 Nc6 3. Bb5 Nf6 4. O-O Nxe4 5. d3 Nf6 6. Bxc6 bxc6 7. Nxe5 Bd6 8.
Bf4 Qe7 9. d4 O-O 10. Nxc6 dxc6 11. Nc3 Bxf4 12. Ne2 Bg4 13. Re1 Qd6 14. Nxf4
Qxf4 15. b3 Bxd1 16. Raxd1 h5 17. c4 h4 18. d5 h3 19. g3 Qf3 20. Kf1 Qg2+ 21.
Ke2 Rfe8+ 22. Kd2 Qxf2+ 23. Re2 Rxe2+ 24. Kc1 Rb2 25. a4 Qc2# 0-1

[Event "AUTO-ADV-4902"]
[Site "http://www.queenalice.com/game.php?id=1865094"]
[Date "2025.11.3"]
[Round "1"]
[White "game"]
[Black "flanny"]
[Result "0-1"]
[WhiteElo "1622"]
[BlackElo "1697"]

1. e4 e5 2. Bc4 h6 3. Qf3 Nf6 4. d4 Nc6 5. d5 Nd4 6. Qd3 b5 7. Bxb5 c6 8. dxc6
dxc6 9. Ba4 Qa5+ 10. Nc3 Bb4 11. Bd2 Ba6 12. Bxc6+ Nxc6 13. Qg3 O-O 14. Bxh6 Nh5
15. Qg4 Bxc3+ 16. Kd1 Rad8+ 17. Bd2 Rxd2+ 18. Kc1 Bxb2+ 19. Kxb2 Qb4+ 20. Kc1
Qc3 21. Rb1 Qxc2# 0-1

[Event "AUTO-ADV-4902"]
[Site "http://www.queenalice.com/game.php?id=1865095"]
[Date "2025.11.3"]
[Round "1"]
[White "flanny"]
[Black "game"]
[Result "1-0"]
[WhiteElo "1710"]
[BlackElo "1531"]

1. e4 d6 2. d4 Nf6 3. Nc3 e5 4. dxe5 dxe5 5. h3 Qxd1+ 6. Nxd1 Nxe4 7. Bd3 Nc5 8.
Bc4 Bf5 9. Ne3 Be4 10. f3 Bg6 11. Nd5 Nba6 12. b4 Ne6 13. Ne2 Bxc2 14. O-O Bxb4
15. a3 Bc5+ 16. Kh1 O-O-O 17. Ra2 Ba4 18. Nec3 Nb4 19. axb4 Bd4 20. Nxa4 Rd7 21.
b5 Nf4 22. b6 Nxd5 23. bxa7 Bxa7 24. Nc5 Bxc5 25. Ra8# 1-0

[Event "AUTO-ADV-4902"]
[Site "http://www.queenalice.com/game.php?id=1865110"]
[Date "2025.11.3"]
[Round "1"]
[White "flanny"]
[Black "marcoswerneck"]
[Result "0-1"]
[WhiteElo "1706"]
[BlackElo "1928"]

1. e4 e5 2. Nc3 d6 3. d3 h6 4. h3 Nf6 5. Nf3 a6 6. a4 Be6 7. b4 Be7 8. a5 Qd7 9.
d4 exd4 10. Nxd4 Nc6 11. Nxc6 Qxc6 12. Bd2 Bc4 13. Bxc4 Qxc4 14. Rb1 Nxe4 15.
Rb3 O-O 16. Nxe4 Qxe4+ 17. Kf1 Qc4+ 18. Kg1 Bh4 19. g3 Bf6 20. Kh2 Be5 21. Re1
b5 22. axb6 cxb6 23. c3 a5 24. b5 Kh8 25. Be3 a4 26. Ra3 Bxc3 27. Bd2 Be5 28.
Qb1 Rfe8 29. Rae3 a3 30. Qc1 Qxb5 31. Rxa3 Rab8 32. Bc3 Rbc8 33. Qe3 Bf6 34. Qd2
Bxc3 35. Rxc3 Rxc3 36. Qxc3 Rxe1 37. Qxe1 f6 38. h4 Qc5 39. f4 b5 40. Kg2 b4 41.
Kf1 b3 42. Qb1 Qc2 0-1

[Event "AUTO-ADV-4902"]
[Site "http://www.queenalice.com/game.php?id=1865111"]
[Date "2025.11.3"]
[Round "1"]
[White "marcoswerneck"]
[Black "flanny"]
[Result "0-1"]
[WhiteElo "1888"]
[BlackElo "1678"]

1. e4 e5 2. d3 Nf6 3. a3 d5 4. Be2 d4 5. h3 b5 6. Nf3 Nc6 7. Bg5 h6 8. Bh4 Be7
9. Nbd2 a5 10. c3 Ba6 11. c4 bxc4 12. dxc4 Qb8 13. b3 Qd8 14. Bd3 g5 15. Bg3 Bd6
16. b4 axb4 17. a4 Qb8 18. Nb3 g4 19. Nh4 h5 20. Nf5 Rg8 21. c5 Be7 22. Bxa6
Rxa6 23. Nxe7 Kxe7 24. Bh4 Ke6 25. Bxf6 Kxf6 26. h4 g3 27. O-O Ke6 28. Qxh5 Ke7
29. f4 exf4 30. Rxf4 Qf8 31. Nxd4 Nxd4 32. Qe5+ Ne6 33. a5 Qh6 34. Raf1 Rg7 35.
R4f3 Qxh4 36. Qf6+ Qxf6 37. Rxf6 Rxa5 38. Rh6 Nxc5 39. Rh3 Nxe4 40. Re1 Re5 41.
Rh4 f5 42. Rc1 c5 43. Rh6 Nc3 44. Kf1 Kf7 45. Rc6 Rh7 46. Rc7+ Kg6 47. Rc6+ Kg5
0-1

[Event "AUTO-ADV-4902"]
[Site "http://www.queenalice.com/game.php?id=1865112"]
[Date "2025.11.3"]
[Round "1"]
[White "flanny"]
[Black "Capixabba789"]
[Result "1/2-1/2"]
[WhiteElo "1720"]
[BlackElo "1871"]

1. e4 e5 2. Nf3 d6 3. d4 exd4 4. Nxd4 Nf6 5. Nc3 Be7 6. h3 c5 7. Nf3 Nc6 8. Bc4
O-O 9. g4 Ne5 10. Bf4 Bd7 11. Nxe5 dxe5 12. Bxe5 Ne8 13. Nd5 Bc6 14. h4 Nd6 15.
f3 Bxh4+ 16. Kf1 Bg5 17. f4 Bxf4 18. Bxf4 Nxe4 19. Qd3 g6 20. Re1 Bxd5 21. Bxd5
Nf6 22. Bg5 Qxd5 23. Bxf6 Qxd3+ 24. cxd3 Rfe8 25. Rc1 Re3 26. Rc3 Rf3+ 27. Kg2
Rxf6 28. Rxc5 Rd6 29. Rc7 Rxd3 30. Rxb7 Rd2+ 31. Kh3 g5 32. Rf1 Rd3+ 33. Kg2
Rd2+ 34. Kg1 Re8 35. Rbxf7 Rxb2 36. R7f2 Rxf2 37. Rxf2 h6 38. Rd2 Re7 39. a4 a5
40. Rd5 Ra7 41. Rd6 Kh7 42. Kf2 Rb7 43. Rd4 Kg6 44. Rd6+ Kg7 45. Rd4 Kg6 46.
Rd6+ Kg7 47. Rd4 Kg6 1/2-1/2

[Event "AUTO-ADV-4902"]
[Site "http://www.queenalice.com/game.php?id=1865113"]
[Date "2025.11.3"]
[Round "1"]
[White "Capixabba789"]
[Black "flanny"]
[Result "1-0"]
[WhiteElo "1898"]
[BlackElo "1719"]

1. d4 d5 2. Nc3 e6 3. f4 Nf6 4. Nf3 h6 5. e3 c5 6. Bb5+ Bd7 7. Bxd7+ Qxd7 8. O-O
cxd4 9. Nxd4 Bc5 10. Qf3 Bxd4 11. exd4 Nc6 12. Bd2 Nxd4 13. Qh3 O-O-O 14. Rac1
Ne4 15. Be3 Nf5 16. Bxa7 b5 17. Nxe4 Qxa7+ 18. Nf2 g5 19. Qb3 Qc5 20. Kh1 gxf4
21. Nd3 Qd4 22. Nxf4 e5 23. Ne2 Qg4 24. Qxb5 Ne3 25. Qc5+ Kd7 26. Qxe3 Rhg8 27.
Rxf7+ Ke6 28. Rf2 Rg6 29. Nf4+ Kd6 30. Nxd5 Rgg8 31. Nf6 Rg6 32. Nxg4 1-0

[Event "AUTO-ADV-4910"]
[Site "http://www.queenalice.com/game.php?id=1867364"]
[Date "2025.12.27"]
[Round "1"]
[White "mvson33"]
[Black "flanny"]
[Result "1-0"]
[WhiteElo "1933"]
[BlackElo "1702"]

1. Nf3 e6 2. d4 Nc6 3. e3 Nf6 4. Bb5 Ne4 5. O-O Bd6 6. Nc3 Nxc3 7. bxc3 a6 8.
Be2 h6 9. Bb2 b5 10. c4 bxc4 11. Bxc4 Bb7 12. Rb1 O-O 13. a3 Na5 14. Ba2 c5 15.
dxc5 Bxc5 16. Bc3 Rb8 17. Ne5 d6 18. Nf3 Bxa3 19. Qd4 Nc6 20. Qxg7# 1-0

[Event "AUTO-ADV-4910"]
[Site "http://www.queenalice.com/game.php?id=1867365"]
[Date "2025.12.27"]
[Round "1"]
[White "flanny"]
[Black "mvson33"]
[Result "0-1"]
[WhiteElo "1708"]
[BlackElo "1929"]

1. e4 c6 2. d4 d5 3. exd5 cxd5 4. Nf3 Nf6 5. Be2 Nc6 6. c4 dxc4 7. Bxc4 e6 8. a3
Be7 9. h3 O-O 10. Qd3 Bd7 11. Nc3 Rc8 12. O-O a6 13. b4 Qc7 14. b5 axb5 15. Bxb5
Rfd8 16. Bg5 Qb6 17. Rab1 Qc7 18. Ne4 Re8 19. Bxf6 Bxf6 20. Neg5 g6 21. h4 Bg7
22. Bc4 Na5 23. Bb3 Nxb3 24. Rxb3 Bc6 25. h5 Bd5 26. Rc3 Qxc3 27. Qb1 Rc7 28.
hxg6 hxg6 29. Qb5 Rec8 30. Qb1 Qxa3 31. Ne1 Bxd4 32. Kh2 Qb2 33. Qd3 Be5+ 34. g3
Rc1 35. Qe3 Bd4 36. Qf4 Bf6 37. Nd3 Rxf1 38. Kh3 Qe2 39. g4 Rh1+ 40. Kg3 Qxd3+
41. Nf3 Qxf3+ 0-1

[Event "AUTO-ADV-4910"]
[Site "http://www.queenalice.com/game.php?id=1867380"]
[Date "2025.12.27"]
[Round "1"]
[White "miguel7"]
[Black "flanny"]
[Result "1-0"]
[WhiteElo "1833"]
[BlackElo "1719"]

1. e4 e5 2. Nc3 c6 3. f4 exf4 4. e5 d6 5. Qe2 dxe5 6. Qxe5+ Be6 7. Bc4 Nd7 8.
Qxf4 Qe7 9. Nce2 O-O-O 10. d3 h6 11. Be3 Bxc4 12. dxc4 Qb4+ 13. Nc3 Qxb2 14. Rd1
Qxc3+ 15. Rd2 Ne5 16. Bxa7 Nxc4 17. Qb8# 1-0

[Event "AUTO-ADV-4910"]
[Site "http://www.queenalice.com/game.php?id=1867381"]
[Date "2025.12.27"]
[Round "1"]
[White "flanny"]
[Black "miguel7"]
[Result "1-0"]
[WhiteElo "1691"]
[BlackElo "1844"]

1. e4 e5 2. Nc3 Bb4 3. Qf3 Nf6 4. a3 Ba5 5. b4 Bb6 6. Nh3 O-O 7. d3 Bd4 8. Bb2
d6 9. Rb1 Bg4 10. Qg3 Qd7 11. f3 Bxh3 12. gxh3 c6 13. Ne2 c5 14. f4 Nc6 15. b5
Na5 16. c3 Nh5 17. Qh4 Nxf4 18. cxd4 Nxd3+ 19. Kd1 f5 20. dxe5 dxe5 21. Kc2 Nxb2
22. Rxb2 Nc4 23. Rb3 Qd2+ 24. Kb1 Qd1+ 25. Nc1 Nd2+ 26. Ka2 Nxb3 27. Nxb3 Qc2+
28. Ka1 Qxb3 29. Qe7 Qxa3+ 30. Kb1 Rad8 31. Bc4+ Kh8 32. Rg1 Qb4+ 33. Ka1 g6 34.
Qxe5+ 1-0

[Event "AUTO-ADV-4910"]
[Site "http://www.queenalice.com/game.php?id=1867390"]
[Date "2025.12.27"]
[Round "1"]
[White "matamuff"]
[Black "flanny"]
[Result "1-0"]
[WhiteElo "1896"]
[BlackElo "1701"]

1. Na3 e5 2. Nc4 d6 3. e4 c6 4. d3 b5 5. Ne3 Nf6 6. Nf3 a5 7. Be2 a4 8. a3 h6 9.
O-O Nh5 10. Re1 Be7 11. Nxe5 Nf4 12. Nf3 Bg5 13. Bf1 h5 14. Nf5 O-O 15. Bxf4
Bxf4 16. g3 Be5 17. Nxe5 dxe5 18. Qxh5 Bxf5 19. exf5 Qf6 20. Bg2 Nd7 21. Re4 Qh6
22. Qxh6 gxh6 23. Rh4 Kh7 24. Bxc6 Ra7 25. Bxb5 Re8 26. Re1 Re7 27. Bxd7 Raxd7
28. Rxa4 Rb7 29. b3 Red7 30. Rxe5 Rbc7 31. Rc4 Ra7 32. a4 f6 33. Rec5 Rd6 34.
Rc7+ Rxc7 35. Rxc7+ Kg8 36. Kf1 Kf8 37. Ke2 Rd5 38. Rh7 Rxf5 39. Rc7 h5 40. h4
Re5+ 41. Kf1 Ke8 42. c4 Kd8 43. Rc6 Rf5 44. b4 Kd7 45. b5 Rf3 46. Ke2 Rf5 47. a5
Re5+ 48. Kd2 Re8 49. a6 f5 50. Rf6 Re5 51. a7 Re8 52. b6 Ke7 53. b7 1-0

[Event "AUTO-ADV-4910"]
[Site "http://www.queenalice.com/game.php?id=1867391"]
[Date "2025.12.27"]
[Round "1"]
[White "flanny"]
[Black "matamuff"]
[Result "1-0"]
[WhiteElo "1695"]
[BlackElo "1887"]

1. e4 d6 2. d4 g6 3. c4 Bg7 4. d5 Nd7 5. Nf3 c6 6. dxc6 bxc6 7. Nc3 Bb7 8. b4
Bxc3+ 9. Bd2 Bxa1 10. Qxa1 e5 11. Bg5 f6 12. Be3 Ne7 13. g4 g5 14. h4 Nb6 15. c5
Nbc8 16. hxg5 Ng8 17. g6 h6 18. g5 fxg5 19. Nxg5 Qf6 20. Rh5 Qxg6 21. Be2 Kd7
22. cxd6 Nf6 23. Qxe5 Nxd6 24. Bf4 Nxh5 25. Bg4+ Kc7 26. Ne6+ 1-0

[Event "AUTO-OPEN-4638"]
[Site "http://www.queenalice.com/game.php?id=1869075"]
[Date "2026.2.10"]
[Round "1"]
[White "josebaron"]
[Black "flanny"]
[Result "1-0"]
[WhiteElo "2197"]
[BlackElo "1711"]

1. e4 e5 2. Nf3 Nc6 3. Nc3 h6 4. d4 Bb4 5. d5 Bxc3+ 6. bxc3 Nf6 7. dxc6 bxc6 8.
Nxe5 Nxe4 9. Qh5 O-O 10. Bd3 Nf6 11. Qf3 Re8 12. Bf4 d6 13. Qxc6 Bd7 14. Qc4
dxe5 15. Be3 e4 16. Be2 Rb8 17. Qa6 Nd5 18. Bd4 Qg5 19. O-O Bh3 20. g3 Bxf1 21.
Bxf1 e3 22. f4 Nxf4 23. Bc4 Nh3+ 24. Kg2 Qg4 25. Qc6 e2 26. Re1 Rb1 27. Qxe8+
Kh7 28. Bd3+ f5 29. Qxe2 Nf4+ 30. Kf2 Nxe2 31. Bxe2 Qe4 32. Rxb1 Qxc2 33. Rb7
Kg8 34. Rxc7 Qxa2 35. Rxg7+ Kf8 36. Rxa7 Qd2 37. Ra5 Qg5 38. h4 Qg6 39. Bd3 Ke7
40. Rxf5 Qd6 41. Bc5 1-0

[Event "AUTO-OPEN-4638"]
[Site "http://www.queenalice.com/game.php?id=1869076"]
[Date "2026.2.10"]
[Round "1"]
[White "flanny"]
[Black "josebaron"]
[Result "0-1"]
[WhiteElo "1693"]
[BlackElo "2166"]

1. e4 e5 2. Nf3 Nc6 3. Bc4 Bc5 4. d3 Nf6 5. Ng5 O-O 6. O-O h6 7. Nf3 d6 8. c3
Bg4 9. h3 Bh5 10. Qd2 Bxf3 11. gxf3 Nh5 12. b4 Bb6 13. a4 a6 14. Qe2 Ng3 15. Qa2
Nxf1 16. Kxf1 Qh4 17. Kg2 Ne7 18. a5 Ba7 19. Qd2 Ng6 20. Qe1 Nf4+ 21. Kg1 Bxf2+
22. Qxf2 Nxh3+ 23. Kf1 Qxf2# 0-1

[Event "AUTO-OPEN-4638"]
[Site "http://www.queenalice.com/game.php?id=1869095"]
[Date "2026.2.10"]
[Round "1"]
[White "Fauquinelle"]
[Black "flanny"]
[Result "1-0"]
[WhiteElo "2108"]
[BlackElo "1713"]

1. e4 e5 2. Nf3 Nc6 3. Bc4 h6 4. d4 Nf6 5. Nc3 exd4 6. Nxd4 d6 7. Be3 Bg4 8. f3
Bh5 9. Nf5 a6 10. Qd2 Be7 11. Nxg7+ Kf8 12. Bxh6 Kg8 13. Nf5 Ne5 14. Qg5+ Ng6
15. g4 Nxg4 16. Qxh5 Nxh6 17. Qxg6+ Kf8 18. Qg7+ Ke8 19. Qxh8+ Bf8 20. Ng7+ Kd7
21. Qxh6 Qe7 22. Qh3+ Kc6 23. Nf5 Qg5 24. Bd5+ Kb6 25. Qg4 Qf6 26. Qg1+ c5 27.
Bc4 Rd8 28. Nd5+ 1-0

[Event "AUTO-OPEN-4638"]
[Site "http://www.queenalice.com/game.php?id=1869096"]
[Date "2026.2.10"]
[Round "1"]
[White "flanny"]
[Black "Fauquinelle"]
[Result "0-1"]
[WhiteElo "1687"]
[BlackElo "2069"]

1. e4 c6 2. d4 d5 3. e5 Bf5 4. Bd3 Bg6 5. Nf3 e6 6. Bg5 Be7 7. Bd2 c5 8. dxc5
Bxc5 9. Bb5+ Nc6 10. b4 Bxf2+ 11. Kxf2 Qb6+ 12. Be3 Qxb5 13. Re1 Nxb4 14. Nd4
Qd7 15. a3 Rc8 16. axb4 Ne7 17. Rxa7 O-O 18. Na3 Nc6 19. Nxc6 Rxc6 20. b5 Rc7
21. Bb6 Rc3 22. Qd2 Rfc8 23. Ra1 Bxc2 24. Ra2 Bd3 25. Bd4 Rxa3 26. R7xa3 Bxb5
27. Ra8 Ba6 28. Rxc8+ Qxc8 29. Rc2 Bc4 30. Qa5 h5 31. Rb2 b5 32. Rc2 Qb8 33. Rc1
f6 34. exf6 Qf4+ 35. Kg1 Qxc1+ 36. Kf2 Qf4+ 37. Ke1 Qxd4 38. Qd8+ Kh7 39. f7 Qd3
40. Qg8+ Kg6 41. Kf2 Qe2+ 42. Kg3 Qe3+ 43. Kh4 Qf4+ 0-1

[Event "AUTO-OPEN-4638"]
[Site "http://www.queenalice.com/game.php?id=1869105"]
[Date "2026.2.10"]
[Round "1"]
[White "mvson33"]
[Black "flanny"]
[Result "1-0"]
[WhiteElo "1842"]
[BlackElo "1697"]

1. e4 e5 2. Nf3 d6 3. Bc4 h6 4. Nc3 c6 5. Bb3 b5 6. d3 a5 7. a3 a4 8. Ba2 Nf6 9.
O-O Be7 10. Be3 O-O 11. Nd2 Bg4 12. Nf3 Nbd7 13. h3 Bh5 14. Bd2 Nc5 15. Qe2 d5
16. exd5 cxd5 17. Qxe5 Bd6 18. Qe3 Re8 19. Qd4 Bxf3 20. gxf3 Qc7 21. Kh1 Be5 22.
Qh4 d4 23. Ne4 Nfxe4 24. fxe4 Ra6 25. Rg1 h5 26. Qxh5 g6 27. Rxg6+ Kf8 28. Qh6+
Ke7 29. Rxa6 Rh8 30. Qg5+ Kd7 31. Qf5+ Ne6 32. Qxf7+ Kc8 33. Qxc7+ Nxc7 34. Rh6
Rf8 35. f4 Bh8 36. f5 Ne8 37. Rg1 Nf6 38. Bb4 Re8 39. Bc5 Rd8 40. Be7 Re8 41.
Bxf6 Bxf6 42. Rxf6 Kd8 43. Rd6+ Kc7 44. Rxd4 Re7 45. Be6 Rh7 46. Rd7+ Rxd7 47.
Bxd7 1-0

[Event "AUTO-OPEN-4638"]
[Site "http://www.queenalice.com/game.php?id=1869106"]
[Date "2026.2.10"]
[Round "1"]
[White "flanny"]
[Black "mvson33"]
[Result "0-1"]
[WhiteElo "1709"]
[BlackElo "1812"]

1. e4 e5 2. Nf3 Nc6 3. Nc3 Bc5 4. Bc4 Nf6 5. Ng5 O-O 6. d3 d6 7. O-O a6 8. a3
Bg4 9. Qe1 Qe7 10. h3 Bh5 11. Be3 Bg6 12. Bxc5 dxc5 13. Qe3 Nd4 14. Qd2 Nc6 15.
Nd5 Nxd5 16. Bxd5 h6 17. Nf3 Rab8 18. Rab1 Rfd8 19. b4 cxb4 20. axb4 Na7 21. Qe3
Nb5 22. Rb3 Nd4 23. Nxd4 exd4 24. Qxd4 c6 25. Bc4 Rxd4 26. f4 Rbd8 27. Ra3 Qxb4
28. Rb3 Qe7 29. f5 Bh7 30. f6 gxf6 31. e5 fxe5 32. c3 R4d7 33. Re1 Qg5 34. Ra3
Qe7 35. Ra2 Qc5+ 36. Kh2 Bxd3 37. Bb3 Bc4 38. Bxc4 Qxc4 39. Rae2 Qxc3 40. Rf1 a5
41. Rf3 Rd3 42. Rf5 Rd2 43. Rfxe5 Rxe2 44. Rxe2 a4 45. Re7 a3 46. Rxb7 a2 0-1

[Event "AUTO-ADV-4925"]
[Site "http://www.queenalice.com/game.php?id=1870680"]
[Date "2026.3.19"]
[Round "1"]
[White "Capixabba789"]
[Black "flanny"]
[Result "1-0"]
[WhiteElo "1926"]
[BlackElo "1685"]

1. d4 e6 2. e4 d6 3. c4 a5 4. Nc3 h6 5. f4 c6 6. Nf3 b6 7. Bd3 Ba6 8. O-O c5 9.
d5 exd5 10. Nxd5 Ne7 11. Be3 Nbc6 12. b3 Nb4 13. Nxb4 axb4 14. e5 d5 15. e6 fxe6
16. a4 dxc4 17. bxc4 Nf5 18. Bf2 Bd6 19. Re1 Qf6 20. Ne5 Bb7 21. Bxf5 O-O-O 22.
Bd3 Qxf4 23. Bg3 Qg5 24. Nf7 Qe7 25. Nxd6+ Rxd6 26. Bxd6 Qxd6 27. Qc2 Rf8 28. a5
Rf4 29. a6 Ba8 30. Bf1 Qd4+ 31. Kh1 Rf2 32. Qg6 Qxc4 33. Bxc4 1-0

[Event "AUTO-ADV-4925"]
[Site "http://www.queenalice.com/game.php?id=1870681"]
[Date "2026.3.19"]
[Round "1"]
[White "flanny"]
[Black "Capixabba789"]
[Result "1/2-1/2"]
[WhiteElo "1679"]
[BlackElo "1930"]

1. e4 Nf6 2. Nc3 e5 3. d4 exd4 4. Qxd4 Be7 5. e5 Ng8 6. Bc4 Nc6 7. Qf4 Nh6 8.
Nf3 d5 9. Bxd5 Nb4 10. Bb3 Bf5 11. Ne4 Qd7 12. a3 Nd5 13. Qd2 Bxe4 14. Bxd5 Bxf3
15. gxf3 c6 16. Bb3 Qxd2+ 17. Bxd2 Nf5 18. O-O-O O-O 19. e6 fxe6 20. Bxe6+ Kh8
21. Rde1 Bd6 22. Rhg1 Bc5 23. Rg2 Nd4 24. Re5 Nxe6 25. Rxe6 Rxf3 26. c3 Rxf2 27.
Rg5 Bb6 28. Re7 Rxh2 29. Rgxg7 Rg8 30. Rxg8+ Kxg8 31. Rxb7 c5 32. Bf4 Rh1+ 33.
Kc2 h5 34. Rb8+ Kf7 1/2-1/2